000
00322nam a2200133Ia 4500
005
20260326235441.0
008
260326s9999||||xx |||||||||||||| ||und||
100
_a
Dahinden, J.
245
0
_a
Nuevos Restaurantes /
_c
J. Dahinden
260
_b
Gustavo Gili
300
_a
156 p.
650
_a
ARQUITECTURA CIVIL
942
_c
BK
999
_c
7403
_d
7403